00331nam a2200121Ia 4500008004100000041000800041082001500049100001900064245004500083260004200128300003000170365000900200240624s9999 xx 000 0 und d aeng a332.63 BUS aBUSBY THOMAS L aWINNING THE DAY TRADING GAME LESSONS AND c2006aNew JerseybJohn Wiley and Sons aix, : 198 : p. : cm. ; 22 cb27